000 00624nam a2200217Ia 4500
003 OSt
005 20221006151547.0
006 a|||||r|||| 00| 0
007 ta
008 221006b |||||||| |||| 00| 0 eng d
024 _a22,555
037 _bGift,
_cTextual
040 _aEASL
_cEASL
_beng
041 _2eng
_aeng
100 _aGINSBURGS George
245 0 _aDamansky Chenpao island incident
_b A case study of syntactes pattern in crisis diplomacy
260 _aEdward
_bSuthern Illnais University Edward
300 _a22p.
_ccm.
942 _cTEXL
_2CC
999 _c1090641
_d1090641